Statistiques concernant Paroles : 18 - One Direction

Cliquez ici pour prendre le quiz!

Statistiques générales

  • Ce quiz a été pris 51 fois
  • Le résultat moyen est 263 sur 319

Statistiques - réponses

Réponse% Correct
18
100%
We
100%
we
100%
I
97%
i
97%
were
97%
where
97%
you
97%
a
95%
A
95%
love
95%
since
95%
thing
95%
And
92%
and
92%
be
92%
Be
92%
have
92%
same
92%
the
92%
loved
90%
to
90%
To
90%
when
90%
When
90%
both
87%
do
87%
Long
87%
long
87%
before
85%
for
85%
All
82%
all
82%
can
82%
in
82%
me
82%
from
79%
got
79%
heart
79%
So
79%
way
79%
down
77%
is
77%
like
77%
oh
77%
Oh
77%
though
77%
wanna
77%
your
77%
Believe
74%
feel
74%
holding
74%
Kiss
74%
kiss
74%
know
74%
made
74%
playground
74%
them
74%
use
74%
want
74%
are
72%
Are
72%
chance
72%
lay
72%
My
72%
my
72%
soul
72%
that
72%
took
72%
will
72%
arms
69%
say
69%
these
69%
alone
67%
cheeks
67%
thought
67%
Baby
64%
don't
64%
God
64%
hands
64%
knows
64%
one
64%
fine
62%
tried
62%
along
56%
motion
51%
oh-oh
51%
ohoh
51%
pressed
51%
slow
51%
false
49%
it
46%
night
46%
open
46%
everything
44%
wide
44%
Yet
44%
drink
41%
knew
41%
see
41%
we'd
41%
let's
38%
Living
38%
pour
38%
we'll
38%
split
21%
Lord
18%

Distribution des résultats

Percentile par nombre de réponses

% des personnes avec chaque résultat

Votre développement - résultats

Vous n’avez pas pris ce quiz